00517nam a2200193 a 4500001001300000003000900013005001700022008004100039020000900080082001500089100002900104245003000133260003900163300001000202500003500212505002400247650002300271700002900294nice12345678IN_TiNIC20260116011750.0050524s1978 laha grp 000 0 eng  ac4000a297.1bDIG aDigwy, Sheikh Youssef El aIslam the Ideal Religion. aLahorebIslamic Book Servicec1978 a179p. aincludes index and biblioraphy2 aBibliography, Index aIslam-Meccan Trade1 aDigwy, Sheikh Youssef El